朝鲜战争中“联合国军”参与国家 Countries in the "United Nations Forces" in the Korean - Statistics

General Stats
  • This quiz has been taken 172 times
  • The average score is 9 of 16
Answer Stats
参战 伤亡 国家 % Correct
1789000 133967 美国
100%
56000 4909 英国
97%
3421 1289 法国
95%
26791 1761 加拿大
87%
17164 1584 澳大利亚
75%
3498 440 比利时
74%
5322 768 荷兰
73%
21212 2365 土耳其
69%
3794 103 新西兰
63%
4992 738 希腊
48%
100 15 卢森堡
41%
7420 468 菲律宾
32%
826 44 南非
30%
6326 1273 泰国
26%
3518 658 埃塞俄比亚
22%
5100 689 哥伦比亚
12%
No matching quizzes found
Score Distribution
Percent of People with Each Score
Percentile by Number Answered
Your Score History
You have not taken this quiz